00510nam a2200169Ia 4500003000900000008004100009020001800050040001600068080001700084245007700101260003400178300001600212650002600228650004300254700002300297700002000320IN-BaIIA211028s9999 xx 000 0 eng d a0-387-06503-2 cIIA Library a(035)52bROT 0aAstronomical a handbookcedited by G. D. Roth; translated by Arthur Beer aBerlinbSpringer-Verlagc1975 axvii, 567p. a Astronomy-Handbooks aAstronomy and Astrophysics Thesaurus  aBeer, Arthur., tr. aRoth, G D., ed.